000 01963cam a22004454i 4500
003 PE-LiUPU
005 20250731184528.0
008 150616s r 000 0 d
035 _a(Sirsi) a2072
040 _aPE-LiUPU
_bspa
_cPE-LiUPU
_erda
049 _aPRUA
082 0 4 _a985.853
_bC43
_221
111 2 _aSeminario sobre "Población y Colonización en la Alta Amazonía Peruana"
245 1 0 _aPoblación y colonización en la alta amazonía peruana /
_cSeminario sobre "Población y Colonización en la Alta Amazonía Peruana".
264 1 _aLima :
_bConsejo Nacional de Población,
_c1984.
300 _a280 páginas :
_bilustraciones cuadros, tablas ;
_c19 cm
336 _atext
_2rdacontent
337 _aunmediated
_2rdamedia
338 _avolume
_2rdacarrier
505 0 _aDinámica demográfica en la Selva Alta: 1940-1981 -- Colonos y nativos en las zonas de colonización -- Problemática social en las colonizaciones -- La colonización como problemática social -- Potencial y uso de los recursos naturales: consideraciones metodológicas -- Aprovechamiento de los recursos naturales en la Selva Alta -- Titulación y regulación de la tenencia en la Selva Alta -- Estructura productiva y ocupacional en la Selva Alta -- Mercados de Trabajo, empleo y población -- Posibilidades de agro-industria en la Selva Alta -- Los proyectos especiales de desarrollo en la Selva Alta.
526 _aP136
526 _aP135
526 _aP134
526 _aP133
526 _aP144
526 _aP143
526 _aP87
526 _aP35
526 _aP20
526 _aP14
526 _aP10
526 _aP06
650 0 4 _aPoblación
_xAspectos sociales
_zAmazonía.
651 _aAmazonía peruana
_xColonización
651 _aAmazonía peruana
_xCondiciones económicas.
910 _ajck
942 _2ddc
_cBOOK
999 _c21108
_d21108
980 _81
_gALBERTO SANCHEZ Responsable de Automatización